| 000 | 00842cam a2200265 a 4500 | ||
|---|---|---|---|
| 001 | ocn0060973277 | ||
| 003 | PILC | ||
| 005 | 20150907092658.0 | ||
| 008 | 030810s nyu 000 0 eng d | ||
| 020 | _a0060973277 | ||
| 050 | 0 | 0 |
_aPS 3558.I376 _b.H639 1990 |
| 100 | 1 | _aHijuelos, Oscar. | |
| 245 | 1 | 4 |
_aThe mambo kings play songs of love / _cOscar Hijuelos. |
| 250 | _a1st Perennial library edition. | ||
| 260 |
_aNew York : _bHarper & Row, _c1990. |
||
| 300 |
_a407 pages ; _c21 cm. |
||
| 490 | 0 | _aPerennial library. | |
| 500 | _aReprint. Originally published: New York : Farrar Straus & Giroux, 1989. | ||
| 650 | 0 |
_aMusicians _xUnited States _xFiction. |
|
| 650 | 0 |
_aBrothers _xUnited States _xFiction. |
|
| 650 | 0 |
_aCuban Americans _xFiction. |
|
| 650 | 0 | _aDomestic fiction. | |
| 650 | 0 | _aMusical fiction. | |
| 942 |
_2lcc _cBK |
||
| 999 |
_c288624 _d288624 |
||